Activities and spaces dimensional data for housing design (Record no. 8262)
[ view plain ]
| 000 -LEADER | |
|---|---|
| fixed length control field | 00272nam a2200109 4500 |
| 003 - CONTROL NUMBER IDENTIFIER | |
| control field | OSt |
| 005 - DATE AND TIME OF LATEST TRANSACTION | |
| control field | 20201008154545.0 |
| 008 - FIXED-LENGTH DATA ELEMENTS--GENERAL INFORMATION | |
| fixed length control field | 201008b ||||| |||| 00| 0 eng d |
| 082 ## - DEWEY DECIMAL CLASSIFICATION NUMBER | |
| Classification number | 728.3 |
| Item number | NOB |
| 245 ## - TITLE STATEMENT | |
| Title | Activities and spaces dimensional data for housing design |
| 942 ## - ADDED ENTRY ELEMENTS (KOHA) | |
| Source of classification or shelving scheme | |
| Withdrawn status | Lost status | Source of classification or shelving scheme | Damaged status | Koha normalized classification for sorting | Not for loan | Permanent location | Current location | Date acquired | Full call number | Barcode | Date last seen | Price effective from | Koha item type |
|---|---|---|---|---|---|---|---|---|---|---|---|---|---|
| 728_300000000000000_NOB | BMS College of Architecture, Design and Planning | BMS College of Architecture, Design and Planning | 2020-10-08 | 728.3 NOB | CL-UG30508 | 2020-10-08 | 2020-10-08 | UG Books from CL | |||||
| 728_300000000000000_NOB | BMS College of Architecture, Design and Planning | BMS College of Architecture, Design and Planning | 2020-10-08 | 728.3 NOB | CL-UG18822 | 2020-10-08 | 2020-10-08 | UG Books from CL |